000 01546nam a2200349 a 4500
999 _c145324
_d145324
003 BLK
005 20230802124758.0
008 180410b bul|||||r ||||||| ||bul||
010 _aKNG00151497000
040 _aBLK
041 _aBUL
_cBUL
080 _aЕстонска литература
_b821.511.113
_x-93-32
_z821.511.113-93-32
100 1 _aРауд, Ено
_eпърви автор
_9115364
139 _aРауд, Ено
_bР 38
245 1 0 _aИ отново Маншон, Полуобувка и Мъхеста брада
_bПриказна повест
_cЕно Рауд; прев. от ест. Дора Стоянова Янева-Медникарова; худож. Едгар Валтер.
257 _aEST
260 _aСофия
_bПериодика
_bОтечество
_c1988
_fотпеч. в СССР
300 _a272 с.
_bс ил.
_c22 см
380 _aDX
500 _aОриг. загл. Jalle need naksitrallid / Eno Raud.
653 _aдетска литература
653 _aлитература за деца
700 1 _aЯнева-Медникарова, Дора Стоянова
_eпрев. от ест.
_9365173
700 1 _aВалтер, Едгар
_eхудож.
_9328608
852 _aЦб 262625
856 4 _qpdf
_i1.55
_ldisable
856 4 _qpdf
_i1.55
_ldisable
942 _cKNG
_n0
_s1
_01
944 _aCR
_c07.10.2013
_lГрета Цуфелде
_k30537
944 _aED
_c07.10.2013
_l07.10.2013 - от С1,Р / 07.10.2013
999 _d145324